00358nam a2200121Ia 4500082001200000100001600012245004700028260006300075300001400138650003200152650003000184650002200214 aRM 0332 aIsrail Miya 0aDrug abuse among mine workers of Odishab: c2017bIndian Council of Social Science Research, New Delhi aiii, 234p aMine workerszIndiazOdisha aDrug habitsvMine workers aAbuse drug habits